000 00299nam a22001217a 4500
008 170202b xxu||||| |||| 00| 0 eng d
041 _aeng
080 _a61
100 _a3
101 _aSHM
245 _aA HISTORICAL RESTROSPECTIVE OF THE LAST FIFTY YEARS
_cUNIVERSITY OF KENTUCKY
942 _2udc
_cBK
999 _c4302
_d4302